แสดงรายละเอียดบรรณานุกรม
  กลับหน้าหลัก

Brief Record : Get Marc (ISO 2709) : E-mail record : QR code ปิดหน้าต่าง
E-books : เกี่ยวกับ Collections
LEADER 00000nam 2200000uu 4500
001    211457
003     ULIBM
008    020711s2559 th a 000 0 tha d
041    ^atha
050  4 LB2341 ก482ก 2559
111 0  ^aการประชุมวิชาการพัฒนาศักยภาพผู้บริหารฯ เรื่อง วิทยาลัยคุณธรรม : สู่การพัฒนาเพื่อสร้างคนดี (2559 : เชียงใหม่)
245    สรุปโครงการ การประชุมวิชาการพัฒนาศักยภาพผู้บริหารในสังกัดสถาบันพระบรมราชชนก ประจำปี 2559 เรื่อง วิทยาลัยคุณธรรม : สู่การพัฒนาเพื่อสร้างคนดี/^cวิทยาลัยพยาบาลบรมราชชนนี เชียงใหม่
246 30 ^a วิทยาลัยคุณธรรม : สู่การพัฒนาเพื่อสร้างคนดี
260    เชียงใหม่ :^bวิทยาลัยพยาบาลบรมราชชนนี เชียงใหม่,^c2559
300    40 หน้า :^bภาพประกอบ ;^c29 ซม.
650  4 ผู้บริหารสถาบันอุดมศึกษา^xการประชุม
650  4 ^aวิทยาลัยพยาบาลบรมราชชนนี เชียงใหม่^xการประชุม
650  4 ^aวิทยาลัยคุณธรรม
710 2  ^aเชียงใหม่. วิทยาลัยพยาบาลบรมราชชนนี
999    ^aใช้งานได้ทุกระบบ
รายการนี้ยังไม่มีแท็ก
คุณยังไม่ได้ล็อกอิน คุณสามารถมีกิจกรรมร่วมกับเว็บไซต์ได้ แต่ต้องล็อกอินก่อน ::
  ล็อกอิน
ลำดับที่ ประเภท เลขเรียก สถานที่ สถานะ
1. หนังสือทั่วไป
หนังสือทั่วไป
LB2341 ก482ก 2559  
  
หนังสือทั่วไป On Shelf
  ขอยืม
   [แสดง 1/1 รายการ]

BibComment


ยังไม่เคยถูกคอมเมนท์

คอมเมนท์ทรัพยากรรายการนี้
  คอมเมนท์: สรุปโครงการ การปร..
Bib 211457

 
 
 

 Union Library Management : ULibM
Copyright 2026. All Rights Reserved.
скачать бесплатно без регистрации порно красивый секс HD Sex Hindi sex

xxx gou

xxxx

bfxxx

xxxwww

Секса Видео

xxxx

Секса Видео

detube

geilexxx

C99 Shell

worms shell

blod xxx video
Ebony Coed Rihanna Rimes Takes A Dick In Her Young Twat priyaa indian fuck anal and pusssy hardcore indian women xxx desi hardcore fucking part 1 bengalixxxcouple